00677nam a2200193 a 450000100060000000300090000600800410001501500210005602000180007704000280009508200090012310000290013224501070016125000120026826000730028030000480035349000330040165000490043424274CO-ViMGA141112s2004 ck r 000 u spa d ack - 2010 - xxxx a9789584460226 aCO-ViMGAbspacCO-ViMGA04aDRAo1 aDrada Campo, Juan Manuel10aOye - - cuéntame un cuento, Juanito Piñiñanga / ctexto e ilustración, Juan Manuel Drada Campo a1a. ed. aRoldanillo, cValle del Cauca : [s.n.], c2010 (Disegraf Impresores) a21 p. en varias paginaciones : il. ; 19 cm. aOye - - cuéntame un cuento14aCuentos infántiles colombianos - Siglo XXI